MARC details
| 000 -LEADER |
| fixed length control field |
01439nam a2200325 a 4500 |
| 001 - CONTROL NUMBER |
| control field |
1538782 |
| 003 - CONTROL NUMBER IDENTIFIER |
| control field |
BDDh-ASL |
| 005 - DATE AND TIME OF LATEST TRANSACTION |
| control field |
20231015030439.0 |
| 008 - FIXED-LENGTH DATA ELEMENTS--GENERAL INFORMATION |
| fixed length control field |
900524s1988 bg af b f100 0 eng |
| 010 ## - LIBRARY OF CONGRESS CONTROL NUMBER |
| LC control number |
90901814 |
| 020 ## - INTERNATIONAL STANDARD BOOK NUMBER |
| Terms of availability |
Tk200.00 ($10.00 U.S.) |
| 025 ## - OVERSEAS ACQUISITION NUMBER |
| Overseas acquisition number |
B E 5409 |
| 040 ## - CATALOGING SOURCE |
| Original cataloging agency |
DLC |
| Transcribing agency |
DLC |
| Modifying agency |
DLC |
| -- |
BDDh-ASL |
| 043 ## - GEOGRAPHIC AREA CODE |
| Geographic area code |
a-bg--- |
| 050 00 - LIBRARY OF CONGRESS CALL NUMBER |
| Classification number |
TD195.C45 |
| Item number |
N38 1988 |
| 082 ## - DEWEY DECIMAL CLASSIFICATION NUMBER |
| Classification number |
363.7 |
| Item number |
PRO |
| 111 2# - MAIN ENTRY--MEETING NAME |
| Meeting name or jurisdiction name as entry element |
National Symposium on Monitoring of Environmental Systems of Chemical Industries in Bangladesh |
| Date of meeting or treaty signing |
(1988 : |
| Location of meeting |
Dhaka, Bangladesh) |
| 245 10 - TITLE STATEMENT |
| Title |
Proceedings of the National Symposium on Monitoring of Environmental Systems of Chemical Industries in Bangladesh, held at BCIC Bhaban, Dilkusha, Dhaka, 30 January-4 February 1988 / |
| Statement of responsibility, etc. |
editor, S.Z. Haider. |
| 260 ## - PUBLICATION, DISTRIBUTION, ETC. |
| Place of publication, distribution, etc. |
Dhaka, Bangladesh : |
| Name of publisher, distributor, etc. |
Bose Centre for Advanced Study and Research, Dhaka University, |
| Date of publication, distribution, etc. |
[1988] |
| 300 ## - PHYSICAL DESCRIPTION |
| Extent |
xii, 245 p., [12] p. of plates : |
| Other physical details |
ill. (some col.) ; |
| Dimensions |
25 cm. |
| 500 ## - GENERAL NOTE |
| General note |
Spine title: Monitoring of environmental systems. |
| 504 ## - BIBLIOGRAPHY, ETC. NOTE |
| Bibliography, etc. note |
Includes bibliographical references. |
| 650 #0 - SUBJECT ADDED ENTRY--TOPICAL TERM |
| Topical term or geographic name entry element |
Chemical industry |
| General subdivision |
Environmental aspects |
| Geographic subdivision |
Bangladesh |
| General subdivision |
Measurement |
| -- |
Congresses. |
| 650 #0 - SUBJECT ADDED ENTRY--TOPICAL TERM |
| Topical term or geographic name entry element |
Environmental monitoring |
| Geographic subdivision |
Bangladesh |
| General subdivision |
Congresses. |
| 700 1# - ADDED ENTRY--PERSONAL NAME |
| Personal name |
Haider, S. Z. |
| 740 0# - ADDED ENTRY--UNCONTROLLED RELATED/ANALYTICAL TITLE |
| Uncontrolled related/analytical title |
Monitoring of environmental systems. |
| 906 ## - LOCAL DATA ELEMENT F, LDF (RLIN) |
| a |
7 |
| b |
cbc |
| c |
orignew |
| d |
3 |
| e |
ncip |
| f |
19 |
| g |
y-gencatlg |
| 942 ## - ADDED ENTRY ELEMENTS (KOHA) |
| Source of classification or shelving scheme |
Dewey Decimal Classification |
| Koha item type |
Books |